000 00384pab a2200145 454500
008 180718b1999 xxu||||| |||| 00| 0 eng d
100 _aGuisan-Dickinson, Catherine
245 _aEuropean union in a changing world: the common European heritage
260 _c1999
300 _ap.26-35
362 _aOct-Dec
650 _aEuropean union
773 _aWorld Affairs
909 _a43879
999 _c43879
_d43879